Jazykovaja konvergencija i problema assimiljacii zaimstvovanij v russkom jazyku

Enregistré dans:
Détails bibliographiques
Auteur principal: Markova, Elena Michajlovna, 1960-
Format: Chapitre de livre
Langue:russe
Sujets:
Tags: Ajouter un tag
Pas de tags, Soyez le premier à ajouter un tag!

MARC

LEADER 00000naa$a2200000$$$4500
001 0308075
005 20250410084019.7
041 0 |a rus 
044 |a RU 
245 1 0 |a Jazykovaja konvergencija i problema assimiljacii zaimstvovanij v russkom jazyku  |c Elena Michajlovna Markova 
610 2 0 |a jazyky cudzie 
610 2 0 |a jazykoveda 
610 2 0 |a zásoba slovná 
610 2 0 |a ruština 
100 1 |a Markova, Elena Michajlovna, 1960-